000 00915nam a2200277Ia 4500
003 OSt
005 20220928125831.0
006 a|||||r|||| 00| 0
007 ta
008 220927b |||||||| |||| 00| 0 eng d
020 _c2495
024 _a113916
037 _b191, 15/12/2011, Pioneer Book Distributors
_cTextual
040 _aSDCL
_cSDCL
_beng
041 _2eng
_aeng
082 _a2:98, Q0
100 _aKataria Sanjay Ed.
_9451714
245 0 _aEmerging technologies and changing dimensions of libraries and information services.
260 _aNew Delhi
_bKBD Publications
_c2010
300 _axviii,773p.
_ccm.
650 _aReference
700 _a Anbu K John Paul Ed.
_9471680
700 _a Shri Ram Ed.
_9471681
942 _h2:98, Q0
_cTEXL
_2CC
999 _c784244
_d784244